| 000 | 00469cam a22002051 4500 | ||
|---|---|---|---|
| 001 | sa 68006190 | ||
| 003 | DLC | ||
| 005 | 20260227112514.0 | ||
| 008 | 890227s1968 xx 000 0 ben | ||
| 010 | _asa 68006190 | ||
| 035 | _a(OCoLC)23580521 | ||
| 040 |
_aDLC _cMiU _dDLC |
||
| 042 | _apremarc | ||
| 050 | 0 | 0 |
_aPK1730.29.O6 _bA68 |
| 100 | 2 | _aMoqbul Ahmed, A. K. | |
| 245 | 1 | 0 | _aĀdima. |
| 260 | _c[1968] | ||
| 300 |
_a111 p. _c22 cm. |
||
| 500 | _aIn Bengali. | ||
| 999 |
_c81155 _d81155 |
||